Η φορολόγηση των κερδών κεφαλαίου στην Ελλάδα
Saved in:
| Main Author: | |
|---|---|
| Corporate Author: | |
| Other Authors: | |
| Format: | Book |
| Language: | Greek |
| Published: |
Αθήνα :
Σάκκουλας,
2000
|
| Subjects: | |
| Tags: |
Add Tag
No Tags, Be the first to tag this record!
|
MARC
| LEADER | 00000cam a2200000 i 4500 | ||
|---|---|---|---|
| 001 | 1/19250 | ||
| 008 | 010406s2000 gre d | ||
| 020 | |a 960-15-0380-3 | ||
| 035 | |l 10066784 | ||
| 040 | |a GR-MY-UA |b gre |e aacr | ||
| 041 | 0 | |a gre | |
| 082 | 0 | |a 336.2009495 | |
| 100 | 1 | |a Γεωργούτσος, Δημήτρης. | |
| 245 | 1 | 2 | |a Η φορολόγηση των κερδών κεφαλαίου στην Ελλάδα / |c Δημήτρης Γεωργούτσος, Νικόλαος Καραμούζης ; Ενωση Ελληνικών Τραπεζών |
| 260 | |a Αθήνα : |b Σάκκουλας, |c 2000 | ||
| 300 | |a 166 σ. | ||
| 504 | |a Περιέχει βιβλιογραφία | ||
| 650 | 0 | 0 | |a Taxation |z Greece. |
| 650 | 0 | 0 | |a Capital levy. |
| 700 | 1 | |a Καραμούζης, Νικόλαος. | |
| 710 | 2 | |a Ένωση Ελληνικών Τραπεζών. | |
| 852 | |a INST |b CHIOS |e 20010406 |h 336.2009495 ΓΕΩ |p 005200021191 |q 005200021191 |t BK |y 0 | ||
| 901 | |a BIBL2-2001-1 | ||
| 909 | |a Χ |b 083589 | ||
| 970 | |a ΣΠΕΝΤΖΑ |b ΕΛΕΝΗ |z 2001/04/06 | ||